Royal Institution of Chartered Surveyors pensions and assurance scheme investment report for the quarter ended 3 January 2006 (Record no. 107514)

MARC details
000 -LEADER
fixed length control field 01222cam a22002295a 4500
001 - CONTROL NUMBER
control field L140559
008 - FIXED-LENGTH DATA ELEMENTS--GENERAL INFORMATION
fixed length control field 070928s2006 xxkd f s 000 0 eng d
035 ## - SYSTEM CONTROL NUMBER
System control number (Sirsi) u140559
041 0# - LANGUAGE CODE
Language code of text/sound track or separate title eng
050 04 - LIBRARY OF CONGRESS CALL NUMBER
Classification number 016.33125 $2 19
110 2# - MAIN ENTRY--CORPORATE NAME
Corporate name or jurisdiction name as entry element Legal and General Investment Management
9 (RLIN) 4052
245 00 - TITLE STATEMENT
Title Royal Institution of Chartered Surveyors pensions and assurance scheme investment report for the quarter ended 3 January 2006
260 ## - PUBLICATION, DISTRIBUTION, ETC.
Place of publication, distribution, etc. Legal and General Investment Management
Name of publisher, distributor, etc. London
Date of publication, distribution, etc. 2006
300 ## - PHYSICAL DESCRIPTION
Extent 20p.
Other physical details ill.
Dimensions 30cm.
490 #0 - SERIES STATEMENT
Series statement Royal Institution of Chartered Surveyors Pensions and Assurance Scheme Investment Report
505 2# - FORMATTED CONTENTS NOTE
Formatted contents note Introduction -- Scheme report -- Dealing costs -- Corporate governance and shareholder activism -- Performance anf tracking of component funds -- Market Background
520 ## - SUMMARY, ETC.
Summary, etc. Reviews the RICS staff pension scheme's holdings and activity. Reports on performance and provides an overview of investment markets. Covers the fourth quarter of 2005. Values at the quarter end are based on market prices prevailing on 31 December 2005.
650 24 - SUBJECT ADDED ENTRY--TOPICAL TERM
Topical term or geographic name entry element RICS PENSION
651 #4 - SUBJECT ADDED ENTRY--GEOGRAPHIC NAME
Geographic name International
690 ## - LOCAL SUBJECT ADDED ENTRY--TOPICAL TERM (OCLC, RLIN)
Topical term or geographic name as entry element MANAGEMENT-BUSINESS MANAGEMENT-FINANCIAL MANAGEMENT
942 ## - ADDED ENTRY ELEMENTS (KOHA)
Suppress in OPAC 0
Holdings
Withdrawn status Lost status Source of classification or shelving scheme Damaged status Not for loan Home library Current library Shelving location Date acquired Total Checkouts Full call number Barcode Date last seen Copy number Price effective from Koha item type
    Dewey Decimal Classification     London London Folio 28/09/2007   L140559 30071113 06/08/2019 1 06/08/2019 Book